| 000 | 00680nam a2200229Ia 4500 | ||
|---|---|---|---|
| 003 | OSt | ||
| 005 | 20230408132120.0 | ||
| 008 | 210423s2014 xx 000 0 und d | ||
| 020 | _a978-93-272-3113-7 | ||
| 040 | _cAL | ||
| 041 | _aeng | ||
| 082 |
_a003 _223 _bCHAO |
||
| 100 |
_aCHAWLA (K K);GUPTA (Vijay);SHARMA (Bhushan K) _985101 |
||
| 245 | _aOperations research: quantitative analysis for management Rev Ed 17 | ||
| 250 | _a17 | ||
| 260 |
_aLudhiana _bKalyani Publishers _c2014 |
||
| 300 |
_a1267,vii _bPB |
||
| 365 |
_b565 _cINR |
||
| 650 |
_aGeneral _985102 |
||
| 906 | _a17 ; analysis ; management ; Operations ; quantitative ; research: ; Rev | ||
| 942 |
_2ddc _cBK |
||
| 999 |
_c169478 _d169478 |
||